banner-ar

موسوعة الحرب الالكترونية / (Record no. 59639)

MARC details
000 -الفاتح
حقل البيانات ثابتة الطول 00736nam a2200217Ia 4500
005 - وقت وتاريخ اخر تعامل مع التسجيلة
رقم الضبط 20240530110311.0
008 - عناصر البيانات ثابتة الطول - معلومات عامة
حقل البيانات ثابتة الطول 140319s9999 xx 000 0 ara d
040 ## - مصدر الفهرسة
وكالة الفهرسة الأصلية GCL /
وكالة النسخ GCL
082 04 - رقم تصنيف ديوى العشرى
رقم المادة 355.02
-- ب م
100 1# - المدخل الرئيسى - إسم شخصى
الإسم الشخصى بالى، ا . ى
245 10 - بيان العنوان
العنوان موسوعة الحرب الالكترونية /
بيان المسئوليه,etc بالى، ا . ى ؛ ترجمة يوسف ابراهيم الجهمانى
300 ## - الوصف المادى
التعداد 622 ص
490 ## - بيان السلسلة
عنوان السلسلة ماذا اعرف
رقم المجلد/ التعيين التسلسلي 0
650 04 - المدخل الاضافى بالموضوع-مصطلح موضوعى
مصطلح موضوعي العلوم الحربية
650 04 - المدخل الاضافى بالموضوع-مصطلح موضوعى
مصطلح موضوعي التكتيك الحربى
650 04 - المدخل الاضافى بالموضوع-مصطلح موضوعى
مصطلح موضوعي الحرب الالكترونية
700 1# - المدخل الاضافى - اسم شخصى
الإسم الشخصى مارين، ن . ب
الدور مؤلف مشارك
700 1# - المدخل الاضافى - اسم شخصى
الإسم الشخصى يوسف ابراهيم الجهمانى
الدور مترجم
942 ## - عناصر المدخل الإضافي( كوها)
مصدر التصنيف او مخطط الترفيف Dewey Decimal Classification
Koha [default] item type كتاب
Holdings
حالة التراجع حالة الفقد حالة تلف ليس للاعارة المكان المؤقت الموقع الحالى تاريخ الاكتساب اجمالي اﻻعارات رقم الطلب الباركود تاريخ اخر مشاهدة تاريخ تفعيل السعر نوع وعاء كوها
        مكتبة القاهرة الكبرى مكتبة القاهرة الكبرى 03/26/2014   355.02\ب م 157575 03/26/2014 03/26/2014 المراجع
        مكتبة القاهرة الكبرى مكتبة القاهرة الكبرى 03/26/2014   355.02\ب م 157576 03/26/2014 03/26/2014 المراجع
        مكتبة القاهرة الكبرى مكتبة القاهرة الكبرى 03/26/2014   355.02\ب م 157577 03/26/2014 03/26/2014 المراجع
        مكتبة القاهرة الكبرى مكتبة القاهرة الكبرى 03/26/2014   355.02\ب م 157578 03/26/2014 03/26/2014 المراجع
        مكتبة القاهرة الكبرى مكتبة القاهرة الكبرى 03/26/2014   355.02\ب م 157579 03/26/2014 03/26/2014 المراجع
        مكتبة القاهرة الكبرى مكتبة القاهرة الكبرى 03/26/2014   355.02\ب م 157580 03/26/2014 03/26/2014 المراجع
        مكتبة القاهرة الكبرى مكتبة القاهرة الكبرى 03/26/2014   355.02\ب م 157581 03/26/2014 03/26/2014 المراجع
        مكتبة القاهرة الكبرى مكتبة القاهرة الكبرى 03/26/2014   355.02\ب م 157582 03/26/2014 03/26/2014 المراجع
        مكتبة القاهرة الكبرى مكتبة القاهرة الكبرى 03/26/2014   355.02\ب م 157583 03/26/2014 03/26/2014 المراجع
        مكتبة القاهرة الكبرى مكتبة القاهرة الكبرى 03/26/2014   355.02\ب م 157584 03/26/2014 03/26/2014 المراجع
        مكتبة القاهرة الكبرى مكتبة القاهرة الكبرى 03/26/2014   355.02\ب م 157585 03/26/2014 03/26/2014 المراجع
        مكتبة القاهرة الكبرى مكتبة القاهرة الكبرى 03/26/2014   355.02\ب م 157586 03/26/2014 03/26/2014 المراجع
        مكتبة القاهرة الكبرى مكتبة القاهرة الكبرى 03/26/2014   355.02\ب م 157587 03/26/2014 03/26/2014 المراجع
        مكتبة القاهرة الكبرى مكتبة القاهرة الكبرى 03/26/2014   355.02\ب م 157588 03/26/2014 03/26/2014 المراجع
        مكتبة القاهرة الكبرى مكتبة القاهرة الكبرى 03/26/2014   355.02\ب م 157589 03/26/2014 03/26/2014 المراجع

Powered By

EGPV